YAŞARKEN VE ÖLÜRKEN (Kayıt no. 865859)

MARC ayrıntıları
000 -LEADER
sabit uzunluktaki kontrol alanı 00247nam a2200097Ia 4500
001 - KONTROL NUMARASI
kontrol alanı 865859
005 - EN SON İŞLEMİN TARİH VE ZAMANI
kontrol alanı 20250826175536.0
008 - SABİT-UZUNLUKTA VERİ ÖĞELERİ--GENEL BİLGİ
sabit uzunluktaki kontrol alanı 250824s9999 xx 000 0 und d
245 #0 - ESER / YAZAR
ESER ADI YAŞARKEN VE ÖLÜRKEN
Yazar Adı SELİM İLERİ
260 ## - YAYIN, DAĞITIM, VB.
YAYIN EVİ EVEREST YAYINLARI
Mevcut
Düşüm durumu Kayıp durumu Hasar Durumu Ödünç verilmez Ana kütüphane Geçerli Kütüphane Edinilen tarih Toplam ödünç verme sayısı Barkod Son görüntüleme tarihi Fiyatın geçerli olmaya başladığı tarih Koha materyal türü
        HAKİM ÖMER ONSUN İLKOKULU HAKİM ÖMER ONSUN İLKOKULU 24.08.2025   10615497 26.08.2025 26.08.2025 Kitaplar
Gemini Bilgi Teknolojileri A.Ş. tarafından düzenlenmiştir.